Simplified design of building lighting / (Record no. 6413)
[ view plain ]
| 000 -LEADER | |
|---|---|
| fixed length control field | 01277nac a22003375a 4500 |
| 008 - FIXED-LENGTH DATA ELEMENTS--GENERAL INFORMATION | |
| fixed length control field | 150812t1992 xxua|||frb || 001 0 eng d |
| 010 ## - LIBRARY OF CONGRESS CONTROL NUMBER | |
| LC control number | 92000771 |
| 020 ## - INTERNATIONAL STANDARD BOOK NUMBER | |
| International Standard Book Number | 0471532134 (cloth : acid-free paper) : |
| 040 ## - CATALOGING SOURCE | |
| Original cataloging agency | EG-ScBUE |
| Language of cataloging | eng |
| Transcribing agency | EG-ScBUE |
| 082 04 - DEWEY DECIMAL CLASSIFICATION NUMBER | |
| Classification number | 621.32 |
| Item number | SCH |
| 100 1# - MAIN ENTRY--PERSONAL NAME | |
| Personal name | Schiler, Marc. |
| 245 10 - TITLE STATEMENT | |
| Title | Simplified design of building lighting / |
| Statement of responsibility, etc | Marc Schiler. |
| 260 ## - PUBLICATION, DISTRIBUTION, ETC. (IMPRINT) | |
| Place of publication, distribution, etc | New York : |
| Name of publisher, distributor, etc | Wiley, |
| Date of publication, distribution, etc | c1992. |
| 300 ## - PHYSICAL DESCRIPTION | |
| Extent | xii, 155 p. : |
| Other physical details | ill. ; |
| Dimensions | 26 cm. |
| 490 0# - Series Statement | |
| Series statement | Parker-Ambrose series of simplified design guides. |
| 500 ## - GENERAL NOTE | |
| General note | Distributer: Al-Ahram. |
| 500 ## - GENERAL NOTE | |
| General note | "A Wiley-Interscience publication." |
| 500 ## - GENERAL NOTE | |
| General note | Answer to exercises :p.(134-144) |
| 500 ## - GENERAL NOTE | |
| General note | Index :p.(153-155) |
| 500 ## - GENERAL NOTE | |
| General note | Glossary :p.(145-150) |
| 504 ## - BIBLIOGRAPHY, ETC. NOTE | |
| Bibliography, etc | Includes bibliographical references:p. (151-152) |
| 590 ## - LOCAL NOTE (RLIN) | |
| Local note | Menna Elemam |
| 650 #0 - SUBJECT ADDED ENTRY--TOPICAL TERM | |
| Topical term or geographic name as entry element | Lighting, Architectural and decorative. |
| Source of heading or term | BUEsh. |
| 9 (RLIN) | 19183 |
| 650 #0 - SUBJECT ADDED ENTRY--TOPICAL TERM | |
| Topical term or geographic name as entry element | Indonesia--Kutai |
| Source of heading or term | BUEsh. |
| 650 #0 - SUBJECT ADDED ENTRY--TOPICAL TERM | |
| Topical term or geographic name as entry element | Light in architecture |
| Source of heading or term | BUEsh. |
| 651 ## - SUBJECT ADDED ENTRY--GEOGRAPHIC NAME | |
| Source of heading or term | BUEsh |
| 653 ## - INDEX TERM--UNCONTROLLED | |
| Resource For college | Engineering, Civil |
| Arrived date list | August2015 |
| 856 42 - ELECTRONIC LOCATION AND ACCESS | |
| Materials specified | Publisher description |
| Uniform Resource Identifier | <a href="http://www.loc.gov/catdir/description/wiley031/92000771.html">http://www.loc.gov/catdir/description/wiley031/92000771.html</a> |
| 856 42 - ELECTRONIC LOCATION AND ACCESS | |
| Materials specified | Table of Contents |
| Uniform Resource Identifier | <a href="http://www.loc.gov/catdir/toc/onix01/92000771.html">http://www.loc.gov/catdir/toc/onix01/92000771.html</a> |
| 942 ## - ADDED ENTRY ELEMENTS (KOHA) | |
| Item type | Book - Borrowing |
| Call number prefix | 621.32SCH |
| Source of classification or shelving scheme | Dewey Decimal Classification |
| Withdrawn status | Item status | Source of classification or shelving scheme | Damaged status | Not for loan | Home library | Current library | Shelving location | Date acquired | Source of acquisition | Total Checkouts | Full call number | Barcode | Date last seen | Koha item type | Vendor | Cost, normal purchase price | Serial Enumeration / chronology | Total Renewals | Date last borrowed |
|---|---|---|---|---|---|---|---|---|---|---|---|---|---|---|---|---|---|---|---|
| Dewey Decimal Classification | Central Library | Central Library | First floor | 22/11/2007 | Purchase | 621.32 SCH | 000007856 | 15/07/2025 | Book - Borrowing | ||||||||||
| Dewey Decimal Classification | Central Library | Central Library | First floor | 29/07/2009 | 2 | 621.32 SCH | 000017740 | 15/07/2025 | Book - Borrowing | Alahram | 246.30 | 72 | 1 | 03/12/2014 |